Idempotent matrices over complex group algebras
Αποθηκεύτηκε σε:
| Κύριος συγγραφέας: | |
|---|---|
| Μορφή: | Βιβλίο |
| Γλώσσα: | English |
| Δημοσίευση: |
Berlin ; New York :
Springer,
c2006.
|
| Σειρά: | Universitext
|
| Θέματα: | |
| Ετικέτες: |
Προσθήκη ετικέτας
Δεν υπάρχουν, Καταχωρήστε ετικέτα πρώτοι!
|
MARC
| LEADER | 00000cam a2200000 i 4500 | ||
|---|---|---|---|
| 001 | 1/75962 | ||
| 008 | 080226s2006 gr | ||| |||| ||eng|| | ||
| 020 | |a 9783540279907 | ||
| 020 | |a 354027990- | ||
| 035 | |l 10095055 | ||
| 040 | |a GR-MyUA |b gre |e AACR2 | ||
| 041 | 0 | |a eng | |
| 082 | 0 | |a 512.2 |2 (22) | |
| 100 | 1 | |a Εμμανουήλ, Ιωάννης. | |
| 245 | 1 | 0 | |a Idempotent matrices over complex group algebras / |c Ioannis Emmanouil. |
| 260 | |a Berlin ; New York : |b Springer, |c c2006. | ||
| 300 | |a xiii, 276 σ. ; |c 24 εκ. | ||
| 490 | 1 | |a (Universitext) | |
| 504 | |a Περιέχει βιβλιογραφικές παραπομπές (σ. [271]-274) και ευρετήριο. | ||
| 650 | 0 | 0 | |a Idempotents. |
| 650 | 0 | 0 | |a Matrices. |
| 650 | 0 | 0 | |a Group algebras. |
| 830 | 0 | |a Universitext | |
| 852 | |a INST |b SAMOS |e 20080226 |h 512.2 ΕΜΜ |p 005300026780 |q 005300026780 |t BK |y 0 | ||
| 901 | |a BIBL3-2008-1 | ||
| 909 | |a Σ |b 140741 | ||
| 922 | |a 3ΕΛΗ |b 200711 |c ΕΠΕΑΕΚ2/ΤΜΗΜΑ ΜΑΘΗΜΑΤΙΚΩΝ |d ΕΛΕΥΘΕΡΟΥΔΑΚΗΣ | ||
| 970 | |a ΡΟΥΣΣΟΥ |b ΚΩΝΣΤΑΝΤΙΝΑ |z 2008/02/26 | ||